000 00482nam a22001697a 4500
020 _a0201433117
082 _222
_a005.72
100 _aGoossens, Michel ...[et al.].
245 _aThe Latex web companion integrating tex, HTML and XML /
260 _aEngland,
_bAddison Wesley Longman,
_cc1999.
300 _axxii, 522p. ;
_bill. ;
_c23 cm.
700 _aRahtz, Sabastain,
700 _aGurari, Eitan,
700 _aMoore, Ross,
700 _aand Sutor, Robert.
942 _2ddc
_cIT
999 _c2101
_d2101